000 01078nam a22002651u 4500
001 12144
003 HDC
007 cr bn ---
008 210209p2006 my eng
040 _aHDC
100 _aV. Maheswary,
_eauthor
_912549
245 0 _aIsolation and expression of the genes encoding the early carotenoid biosynthetic enzymes in the fruit peel of pummelo (Citrus grandis cv. Melomas) during maturation /
_cby V. Maheswary, Y.S. Sew, C.S. Tan and H. Marzukhi
260 _aSerdang :
_bMalaysian Agricultural Research and Development Institute (MARDI),
_c2006
300 _a1 page
336 _atext
_2rdacontent
337 _acomputer
_2rdamedia
338 _aonline resource
_2rdacarrier
650 _aCarotenoid accumulation
_912550
650 _aPhytoene desaturase,
_912552
650 _aPhytoene synthase
_912551
856 _zRequest full-text at [email protected]
942 _2lcc
942 _cAR
942 _kJART 003009
999 _c9467
_d9467